|
|
|
|
| LEADER |
00815nab a2200229 i 4500 |
| 001 |
misc65736 |
| 005 |
20231026093529.0 |
| 008 |
230619s1958 hu o 0|| ger d |
| 040 |
|
|
|a SZTE Miscellanea Repozitórium
|b hun
|
| 041 |
|
|
|a ger
|
| 100 |
1 |
|
|a Tauer Felix
|
| 245 |
1 |
0 |
|a Beiträge zur Kenntnis der Geschichtswerke Hāfiz-i Abrūs
|h [elektronikus dokumentum] /
|c Tauer Felix
|
| 260 |
|
|
|a Nederlands Instituut voor het Nabije Oosten
|b Leiden
|c 1958
|
| 300 |
|
|
|a 146-148
|c 31 cm
|
| 300 |
|
|
|a [3] p.
|c 31 cm
|
| 490 |
0 |
|
|a Bibliotheca Orientalis
|
| 561 |
|
|
|a Németh Gyula hagyaték
|
| 591 |
|
|
|a NOP 5958
|
| 650 |
|
4 |
|a Bölcsészettudományok
|
| 650 |
|
4 |
|a Nyelvek és irodalom
|
| 695 |
|
|
|a Hāfiz-i Abrū, Történetírás - perzsa
|
| 856 |
4 |
0 |
|u http://misc.bibl.u-szeged.hu/65736/1/5958_nop.pdf
|z Dokumentum-elérés
|